000 00772nam a2200205 i 4500
001 117595
003 ES-MaACL
005 20250801063034.0
007 t|
008 070214m19641969sp r ||||1| spa d
100 1 _aPedro Pons, A.,
_d1898-1971
_989929
245 1 0 _aTratado de patología y clínica y médica /
_cdirigido por A. Pedro Pons.
250 _a[4ª ed.].
260 _aBarcelona [etc.] :
_bSalvat,
_c1964-1969.
300 _a2 v. :
_bil ;
_c26 cm.
505 8 _aContiene: V. I: Enfermedades del tubo digestivo, hígado y vias biliares, páncreas, peritoneo y diafragma -- V. V. Enfermedades de la sangre y de las glándulas endocrinas.
650 0 4 _aPatología.
_915884
852 _aES-MaACL
_jP-432-Ter
_bR.55602
999 _c117595
_d117595